UBT Library

The Market and the state : (Record no. 41353)

000 -LEADER
fixed length control field 00651cam a2200229 i 4500
001 - CONTROL NUMBER
control field 4616941
005 - DATE AND TIME OF LATEST TRANSACTION
control field 20180131044834.0
008 - FIXED-LENGTH DATA ELEMENTS--GENERAL INFORMATION
fixed length control field 770518s1976 enk b 111 0 eng
010 ## - LIBRARY OF CONGRESS CONTROL NUMBER
LC control number 77360772
015 ## - NATIONAL BIBLIOGRAPHY NUMBER
National bibliography number GB***
020 ## - INTERNATIONAL STANDARD BOOK NUMBER
International Standard Book Number 0198284063 :
Terms of availability £8.00
040 ## - CATALOGING SOURCE
Original cataloging agency DLC
Transcribing agency DLC
Modifying agency DLC
041 ## - LANGUAGE CODE
Language code of text/sound track or separate title eng
080 ## - UNIVERSAL DECIMAL CLASSIFICATION NUMBER
Universal Decimal Classification number 330 WIL
082 00 - DEWEY DECIMAL CLASSIFICATION NUMBER
Classification number 330 WIL
100 ## - Rafti
Rafti 52
101 ## - Shkurtesa
Shkurtesa EKO
245 04 - TITLE STATEMENT
Title The Market and the state :
Statement of responsibility, etc edited by Thomas Wilson and Andrew S. Skinner.
504 ## - BIBLIOGRAPHY, ETC. NOTE
Bibliography, etc Includes bibliographical references and index.
906 ## - LOCAL DATA ELEMENT F, LDF (RLIN)
a 7
b cbc
c orignew
d 3
e ncip
f 19
g y-gencatlg
942 ## - ADDED ENTRY ELEMENTS (KOHA)
Source of classification or shelving scheme
Item type Books
Holdings
Withdrawn status Lost status Source of classification or shelving scheme Damaged status Not for loan Collection code Permanent location Current location Shelving location Date acquired Total Checkouts Full call number Barcode Date last seen Price effective from Koha item type
          Koleksioni i përgjithshem UBT - Lipjan UBT - Lipjan Koleksioni i përgjithshem 01/31/2018   330 WIL 002-2996812 01/31/2018 01/31/2018 Books
UBT Library © 2015-2024. All rights reserved University Education for Business and Technology